| 000 | 00891nam a2200277 a 4500 | ||
|---|---|---|---|
| 001 | 69925 | ||
| 003 | BD-RjUL | ||
| 005 | 20211209081939.0 | ||
| 008 | 170415s1984 wb a b 001 0 eng d | ||
| 020 | _a3540130101 (Tokyo) | ||
| 020 | _a0387130101 (Berlin) | ||
| 035 | _a(BD-RjUL)70137 | ||
| 040 |
_aBD-RjUL _beng _cBD-RjUL _dBD-RjUL |
||
| 041 | _aeng | ||
| 082 |
_223 _a530.11 _bSTG 1984 |
||
| 100 | 1 |
_aStraumann, Norbert. _d1936- _9207103 |
|
| 245 | 1 | 0 |
_aGeneral relativity and relativistic astrophysics / _cNorbert Straumann |
| 260 |
_aBerlin : _bSpringer-Verlag, _cc1984. |
||
| 300 |
_axiii, 459 p. : _bill. ; _c24 cm. |
||
| 490 | 1 | _aTexts and monographs in physics. | |
| 504 | _aIncludes bibliographies and indexes. | ||
| 650 | 0 |
_aGeneral relativity (Physics). _9156548 |
|
| 650 | 0 |
_aAstrophysics. _9207104 |
|
| 830 | 0 |
_aTexts and monographs in physics. _9207109 |
|
| 942 |
_2ddc _cBK |
||
| 999 |
_c69925 _d69925 |
||